[Event "Championnat de Paris Open A"]
[Site "Paris"]
[Date "2012.07.09"]
[Round "3.11"]
[White "Le Fournier, Bastien"]
[Black "Lebrun, Xavier"]
[Result "1-0"]
[WhiteElo "1932"]
[BlackElo "2172"]
[PlyCount "77"]
[EventDate "2012.??.??"]

1. e4 e5 2. Nf3 d6 3. d4 exd4 4. Nxd4 Nf6 5. Nc3 Be7 6. Bc4 O-O 7. O-O Re8 8.
Re1 Bf8 9. a4 c6 10. Bg5 Nbd7 11. h3 h6 12. Bh4 Qc7 13. Ba2 g6 14. g4 Bg7 15.
Bg3 a6 16. Qd2 Nc5 17. f3 a5 18. Bc4 Nfd7 19. f4 Nf6 20. e5 dxe5 21. fxe5 Nh7
22. Qf2 Ng5 23. Kg2 Nce6 24. Rad1 Qe7 25. Ne4 Nxe4 26. Rxe4 Qb4 27. b3 Qc5 28.
c3 Nxd4 29. Qxf7+ Kh7 30. Qxe8 Be6 31. Qxa8 Bxc4 32. Rexd4 Bd5+ 33. Rxd5 cxd5
34. Qxb7 Qe3 35. Qxd5 Qe2+ 36. Bf2 h5 37. Rd2 Qa6 38. gxh5 Bh6 39. Qf7+ 1-0

[Event "Championnat de Paris Open A"]
[Site "Paris"]
[Date "2012.07.09"]
[Round "3.12"]
[White "Maillot, Gregory"]
[Black "Quach, Charlie"]
[Result "0-1"]
[WhiteElo "1912"]
[BlackElo "2141"]
[PlyCount "56"]
[EventDate "2012.??.??"]

1. e4 c5 2. Nf3 Nc6 3. Bb5 Qb6 4. Nc3 e6 5. O-O Nge7 6. Re1 a6 7. Bf1 d6 8. b3
Qc7 9. Bb2 b6 10. d4 cxd4 11. Nxd4 Nxd4 12. Qxd4 Nc6 13. Qe3 Bb7 14. Rac1 Ne5
15. h3 Be7 16. f4 Ng6 17. f5 Ne5 18. fxe6 fxe6 19. Ne2 O-O 20. Nd4 Rf6 21. Be2
Rg6 22. Nf3 Rf8 23. Nxe5 dxe5 24. Qc3 Bc5+ 25. Kh1 Bxe4 26. Bf3 Bxf3 27. gxf3
Qb7 28. Rf1 Bd4 0-1

[Event "Championnat de Paris Open A"]
[Site "Paris"]
[Date "2012.07.09"]
[Round "3.13"]
[White "Comes, Didier"]
[Black "Ternault, Mathieu"]
[Result "0-1"]
[WhiteElo "1864"]
[BlackElo "2130"]
[PlyCount "73"]
[EventDate "2012.??.??"]

1. e4 e6 2. d4 d5 3. Nc3 Bb4 4. e5 c5 5. a3 Bxc3+ 6. bxc3 Ne7 7. h4 Nbc6 8. h5
cxd4 9. cxd4 Qa5+ 10. Bd2 Qa4 11. c3 Qxd1+ 12. Rxd1 h6 13. Rb1 a6 14. Bd3 Na5
15. Nf3 Bd7 16. Bc2 b5 17. Ke2 Nc4 18. Bc1 Nc6 19. Ne1 a5 20. Nd3 Ke7 21. Nc5
Rhb8 22. Rh4 Be8 23. Nd3 Rb6 24. Rb3 Rab8 25. Nc5 Na7 26. Bd1 Rc8 27. Rb1 Rbb8
28. Na6 Ra8 29. Nc5 Nxe5 30. dxe5 Rxc5 31. a4 Rxc3 32. Bb2 Rc7 33. axb5 Nxb5
34. Kd2 Rb7 35. Rg4 Kf8 36. Ba3+ Kg8 37. Be2 0-1

[Event "Championnat de Paris Open A"]
[Site "Paris"]
[Date "2012.07.09"]
[Round "3.14"]
[White "Gervasio, Ricardo"]
[Black "O'Sullivan, Thomas"]
[Result "1-0"]
[WhiteElo "2267"]
[BlackElo "1843"]
[PlyCount "57"]
[EventDate "2012.??.??"]

1. d4 Nf6 2. Bg5 c5 3. Bxf6 gxf6 4. e3 Qb6 5. Nc3 e6 6. a3 d5 7. Nf3 Bd7 8. Rb1
Nc6 9. Be2 Be7 10. O-O O-O 11. dxc5 Qxc5 12. Qd2 f5 13. b4 Qd6 14. Nb5 Qb8 15.
c4 a6 16. Nc3 dxc4 17. e4 Ne5 18. Nxe5 Qxe5 19. Qxd7 Bd6 20. f4 Qd4+ 21. Kh1
Rfd8 22. Qxb7 Qxc3 23. e5 Bf8 24. Bh5 Kh8 25. Qxf7 Qxa3 26. Qxe6 c3 27. Qxf5
Rac8 28. Bf3 Rc7 29. Qf6+ 1-0

[Event "Championnat de Paris Open A"]
[Site "Paris"]
[Date "2012.07.09"]
[Round "3.15"]
[White "Eid, Maha"]
[Black "Sochacki, Wojtek"]
[Result "0-1"]
[WhiteElo "2051"]
[BlackElo "2263"]
[PlyCount "98"]
[EventDate "2012.??.??"]

1. d4 d5 2. c4 e6 3. Nc3 c6 4. cxd5 exd5 5. Nf3 Be7 6. Bf4 Nf6 7. e3 Bf5 8. Be2
O-O 9. O-O Nbd7 10. h3 Ne4 11. Rc1 Nb6 12. a3 Bd6 13. Nxe4 dxe4 14. Ne5 Be6 15.
Bg4 Qe7 16. Bh2 f6 17. Bxe6+ Qxe6 18. Ng4 Be7 19. Bg3 Rfd8 20. Qe2 Rd5 21. Nh2
Rb5 22. Rfd1 a5 23. Nf1 Na4 24. b4 axb4 25. axb4 Rxb4 26. d5 cxd5 27. Qh5 f5
28. Rc7 Bf8 29. Rdc1 Rc4 30. R1xc4 dxc4 31. Rxb7 c3 32. Qe2 Nc5 33. Rc7 Qa6 34.
Qh5 Qc4 35. Be5 c2 36. Bb2 Rb8 37. Ba3 c1=Q 38. Bxc1 Qxc1 39. Qxf5 Qc4 40. Ng3
Bd6 41. Rxg7+ Kxg7 42. Nh5+ Kg8 43. Nf6+ Kf8 44. Nxe4+ Qf7 45. Nxd6 Qxf5 46.
Nxf5 Kf7 47. Nd4 Kf6 48. f3 Rb2 49. Kh2 Nd3 0-1

[Event "Championnat de Paris Open A"]
[Site "Paris"]
[Date "2012.07.09"]
[Round "3.16"]
[White "Mirimanian, Haik"]
[Black "Regoli, Stephane"]
[Result "1/2-1/2"]
[WhiteElo "2048"]
[BlackElo "2248"]
[PlyCount "54"]
[EventDate "2012.??.??"]

1. e4 c5 2. Nc3 Nc6 3. g3 g6 4. Bg2 Bg7 5. d3 Rb8 6. Be3 b5 7. Qd2 b4 8. Nd1 d6
9. Ne2 e5 10. O-O Nd4 11. c3 bxc3 12. bxc3 Nxe2+ 13. Qxe2 Nf6 14. h3 O-O 15.
Qd2 Qb6 16. c4 Bd7 17. Nc3 Qa6 18. Rab1 Rb4 19. Rxb4 cxb4 20. Nb5 Bxb5 21. cxb5
Qxb5 22. Bxa7 Ra8 23. Be3 d5 24. exd5 {=} 24... Nxd5 25. Bxd5 Qxd5 26. Qxb4
Rxa2 27. Qc4 Qa8 {=} 1/2-1/2

[Event "Championnat de Paris Open A"]
[Site "Paris"]
[Date "2012.07.09"]
[Round "3.17"]
[White "Levoux, Sebastien"]
[Black "Pozdnjakov, Viatcheslav"]
[Result "0-1"]
[WhiteElo "2046"]
[BlackElo "2242"]
[PlyCount "42"]
[EventDate "2012.??.??"]

1. c4 c6 2. Nc3 d5 3. cxd5 cxd5 4. d4 Nc6 5. g3 Nf6 6. Bg2 Bf5 7. Bg5 e6 8. Nf3
h6 9. Bf4 a6 10. Rc1 Be7 11. O-O O-O 12. Na4 g5 13. Be3 Nd7 14. Ne5 Ncxe5 15.
dxe5 b5 16. Nc5 Nxe5 17. b3 Nd7 18. Nb7 Qb8 19. Na5 Ba3 20. Nc6 Qd6 21. Rc3 Bb2
0-1

[Event "Championnat de Paris Open A"]
[Site "Paris"]
[Date "2012.07.09"]
[Round "3.19"]
[White "Ainutdinova, Yekaterina"]
[Black "Come, Alexandre"]
[Result "1/2-1/2"]
[WhiteElo "2036"]
[BlackElo "2204"]
[PlyCount "107"]
[EventDate "2012.??.??"]

1. e4 c5 2. Nf3 e6 3. d4 cxd4 4. Nxd4 a6 5. Bd3 Bc5 6. Nb3 Ba7 7. Qe2 Nc6 8.
Be3 d6 9. O-O e5 10. Nc3 Nge7 11. Rad1 O-O 12. Qd2 Be6 13. Be2 Bxb3 14. axb3
Nd4 15. Bxd4 Bxd4 16. Nb1 Ng6 17. c3 Ba7 18. g3 Qb6 19. Bc4 Rad8 20. Na3 Kh8
21. Nc2 Qc7 22. Ne3 Ne7 23. Nf5 Nxf5 24. exf5 Qe7 25. Qe2 Qf6 26. Qf3 Rd7 27.
Bd5 Rb8 28. Qg4 Rbd8 29. Qf3 Rb8 30. Be4 g6 31. Qg4 Rbd8 32. Rd5 Kg7 33. h4 h5
34. Qg5 Rh8 35. Kg2 Bb8 36. f4 exf4 37. Qxf6+ Kxf6 38. Rxf4 Kg7 39. fxg6 fxg6
40. Rg5 Rh6 41. Bd5 Re7 42. Rb4 b5 43. Re4 Rxe4 44. Bxe4 Kf6 45. Bb7 Rh7 46.
Bxa6 Ra7 47. Bxb5 Ra2 48. b4 Rxb2+ 49. Kf3 Rb3 50. Bd3 Rxc3 51. Ke2 Rb3 52. b5
d5 53. b6 Bd6 54. Bxg6 1/2-1/2

[Event "Championnat de Paris Open A"]
[Site "Paris"]
[Date "2012.07.09"]
[Round "3.20"]
[White "Castro, John"]
[Black "Mezioud, Rimel"]
[Result "1-0"]
[WhiteElo "2183"]
[BlackElo "2034"]
[PlyCount "83"]
[EventDate "2012.??.??"]

1. e4 c5 2. Nf3 Nc6 3. d4 cxd4 4. Nxd4 Nf6 5. Nc3 e5 6. Ndb5 d6 7. Bg5 a6 8.
Na3 b5 9. Bxf6 gxf6 10. Nd5 Bg7 11. c3 f5 12. Bd3 Ne7 13. Nxe7 Qxe7 14. exf5 e4
15. Be2 Bxf5 16. Qd5 Rb8 17. Qxf5 b4 18. Nc2 bxc3 19. b3 O-O 20. Rd1 a5 21. O-O
a4 22. Bc4 Kh8 23. Rfe1 Rfe8 24. Bd5 Rb5 25. bxa4 Ra5 26. Re3 Qf6 27. Qxf6 Bxf6
28. Rxe4 Rxe4 29. Bxe4 Rxa4 30. Bd5 Bg5 31. Bb3 Ra6 32. Ne3 Rc6 33. Kf1 Kg7 34.
Rc1 Rc5 35. Rc2 f5 36. Nd5 Bd2 37. Ke2 Kg6 38. Kd3 Kg5 39. Nxc3 Be1 40. f3 h5
41. Nd5 Ra5 42. Ke2 1-0

[Event "Championnat de Paris Open A"]
[Site "Paris"]
[Date "2012.07.09"]
[Round "3.21"]
[White "Durand, Victor"]
[Black "Hanchour, Baroudi"]
[Result "1/2-1/2"]
[WhiteElo "2035"]
[BlackElo "2180"]
[PlyCount "46"]
[EventDate "2012.??.??"]

1. e4 d5 2. exd5 Qxd5 3. Nf3 Bg4 4. Be2 Nc6 5. O-O O-O-O 6. Nc3 Qd7 7. d3 e5 8.
h3 h5 9. hxg4 hxg4 10. Nh2 f5 11. Bxg4 Rxh2 12. Bxf5 Qxf5 13. Kxh2 Bd6 14. Ne4
Nf6 15. Qf3 Rh8+ 16. Kg1 Qe6 17. Be3 Kb8 18. c3 Qg8 19. Rfe1 Qh7 20. Qh3 Qg8
21. Qf3 Qh7 22. Qh3 Qg8 23. Qf3 Qh7 1/2-1/2

[Event "Championnat de Paris Open A"]
[Site "Paris"]
[Date "2012.07.09"]
[Round "3.22"]
[White "Louis, Thibault"]
[Black "Georgelin, Thierry"]
[Result "1-0"]
[WhiteElo "2151"]
[BlackElo "2045"]
[PlyCount "77"]
[EventDate "2012.??.??"]

1. e4 e5 2. Nf3 Nf6 3. Nxe5 d6 4. Nf3 Nxe4 5. Nc3 Nxc3 6. dxc3 Be7 7. Be3 Nc6
8. Qd2 h6 9. O-O-O Be6 10. Kb1 Ne5 11. Nd4 Bf6 12. Nxe6 fxe6 13. f4 Nf7 14. g4
c6 15. Bd3 d5 16. Bg6 O-O 17. h4 e5 18. f5 Bxh4 19. Rdg1 Bg5 20. Bxf7+ Kxf7 21.
Rh5 Bxe3 22. Qxe3 Qb6 23. Qg3 d4 24. Qxe5 Rae8 25. Qxd4 Re4 26. Qxb6 axb6 27.
b3 Rf4 28. Rh3 Rd8 29. Rhg3 Kf6 30. Re3 Rd7 31. Re6+ Kg5 32. Rg6+ Kh4 33. g5
hxg5 34. R1xg5 Kh3 35. Rg1 Kh2 36. Rxg7 Rxf5 37. Rxd7 Kxg1 38. Rxb7 b5 39. Re7
1-0

[Event "Championnat de Paris Open A"]
[Site "Paris"]
[Date "2012.07.09"]
[Round "3.23"]
[White "Pluyaud, Benoit"]
[Black "Treppendahl, Trine"]
[Result "1-0"]
[WhiteElo "2150"]
[BlackElo "2027"]
[PlyCount "71"]
[EventDate "2012.??.??"]

1. d4 d5 2. Nf3 Nf6 3. c4 dxc4 4. Qa4+ c6 5. Qxc4 Bf5 6. Nc3 Nbd7 7. e3 e6 8.
Be2 Ne4 9. O-O Bd6 10. Ne1 O-O 11. Bf3 Ndf6 12. g3 Rc8 13. Nxe4 Nxe4 14. Bg2
Qa5 15. Nf3 h6 16. a3 b5 17. Qe2 b4 18. Bd2 Nxd2 19. Nxd2 bxa3 20. bxa3 c5 21.
d5 c4 22. dxe6 Bd3 23. exf7+ Kh8 24. Qd1 Be5 25. Rc1 Qxa3 26. Qh5 Bb2 27. Rcd1
Qc5 28. Qh3 Bxf1 29. Rxf1 c3 30. Ne4 Qe5 31. f4 Qc7 32. Ng5 Qc5 33. Qe6 Qb6 34.
Qf5 hxg5 35. fxg5 Qxe3+ 36. Kh1 1-0

[Event "Championnat de Paris Open A"]
[Site "Paris"]
[Date "2012.07.09"]
[Round "3.24"]
[White "Imbert, Christophe"]
[Black "Lambert, Romain"]
[Result "1-0"]
[WhiteElo "2033"]
[BlackElo "2138"]
[PlyCount "119"]
[EventDate "2012.??.??"]

1. e4 c5 2. Nf3 d6 3. d4 cxd4 4. Nxd4 Nf6 5. Nc3 Bd7 6. Be2 e5 7. Nf5 Bxf5 8.
exf5 d5 9. Bg5 d4 10. Ne4 Nc6 11. a3 Be7 12. Bxf6 Bxf6 13. Qd3 g6 14. Qf3 Be7
15. Bc4 Qa5+ 16. Kf1 O-O-O 17. f6 Bf8 18. Rd1 Qc7 19. Rd2 Kb8 20. g4 h5 21. g5
Rd7 22. Kg2 Bd6 23. Rhd1 Rhd8 24. Bd3 Rc8 25. Kg1 Nd8 26. Bb5 Nc6 27. Bf1 Re8
28. Bh3 Rdd8 29. Bf1 a6 30. b4 Rc8 31. Qb3 Rf8 32. Re1 Rcd8 33. Ra1 Qd7 34. Bh3
Qc7 35. b5 Na5 36. Qa2 axb5 37. Rb1 Qc4 38. Qb2 Qc6 39. Qxb5 Qxb5 40. Rxb5 Nc4
41. Rd3 Kc7 42. Rdb3 b6 43. Bf1 Na5 44. Rb1 Bxa3 45. Rxb6 Rb8 46. Rxb8 Rxb8 47.
Rxb8 Kxb8 48. Bb5 Nb7 49. Be8 Nd8 50. Nd2 Bc1 51. Ne4 Kc7 52. h4 Bf4 53. Kf1
Bc1 54. Ke2 Ba3 55. Kd3 Bc1 56. Kc4 Bf4 57. Kd5 Bh2 58. Nd6 Bg1 59. Nxf7 Bxf2
60. Nxe5 1-0

[Event "Championnat de Paris Open A"]
[Site "Paris"]
[Date "2012.07.09"]
[Round "3.25"]
[White "Gautier, Serge"]
[Black "Daubas, Christophe"]
[Result "1/2-1/2"]
[WhiteElo "2134"]
[BlackElo "2023"]
[PlyCount "54"]
[EventDate "2012.??.??"]

1. e4 e5 2. Nf3 Nc6 3. d4 exd4 4. Nxd4 Bc5 5. Nb3 Bb6 6. Nc3 Nf6 7. Qe2 O-O 8.
Be3 Bxe3 9. Qxe3 d5 10. O-O-O Ng4 11. Qf4 d4 12. h3 Nxf2 13. Qxf2 Qg5+ 14. Qd2
Qxd2+ 15. Kxd2 dxc3+ 16. Kxc3 Be6 17. Nc5 Nd8 18. Be2 b6 19. Nxe6 Nxe6 20. Rd7
Rad8 21. Rhd1 Rxd7 22. Rxd7 Rd8 23. Rxd8+ Nxd8 24. Kd4 Kf8 25. Bg4 Ke7 26. a3
f6 27. c4 Kd6 1/2-1/2

[Event "Championnat de Paris Open A"]
[Site "Paris"]
[Date "2012.07.09"]
[Round "3.26"]
[White "Partac, Elena"]
[Black "Hallay, Axel"]
[Result "1-0"]
[WhiteElo "2129"]
[BlackElo "1983"]
[PlyCount "69"]
[EventDate "2012.??.??"]

1. e4 e6 2. d4 d5 3. exd5 exd5 4. Bd3 Nc6 5. c3 Bd6 6. Qf3 Nf6 7. h3 O-O 8. Ne2
Re8 9. O-O Ne4 10. Ng3 f5 11. Nxf5 Rf8 12. g4 g6 13. Bxe4 dxe4 14. Nh6+ Kg7 15.
Qxe4 Qh4 16. Qg2 Bf4 17. Nf5+ gxf5 18. Bxf4 fxg4 19. Bg3 Qxh3 20. d5 Qxg2+ 21.
Kxg2 Ne7 22. c4 c6 23. Nc3 Bf5 24. Rfe1 Rfe8 25. Re5 cxd5 26. cxd5 Bg6 27. Rae1
Nf5 {=} 28. Nb5 Rxe5 29. Rxe5 Nxg3 30. Kxg3 Re8 31. Rxe8 Bxe8 32. Nd6 Bd7 33.
Nxb7 Kf6 34. Nc5 Bc8 35. d6 1-0

[Event "Championnat de Paris Open A"]
[Site "Paris"]
[Date "2012.07.09"]
[Round "3.27"]
[White "Anes, Emmanuel"]
[Black "Grigorian, Roudolph"]
[Result "1-0"]
[WhiteElo "2125"]
[BlackElo "1944"]
[PlyCount "87"]
[EventDate "2012.??.??"]

1. d4 Nf6 2. Nc3 d5 3. e4 dxe4 4. f3 exf3 5. Nxf3 g6 6. Bc4 Bg7 7. O-O O-O 8.
Qe1 b6 9. Qh4 Ba6 10. Bxa6 Nxa6 11. Bh6 Nb4 12. Ng5 Nxc2 13. Rad1 Ne3 14. Bxg7
Kxg7 15. Rxf6 h6 16. Rxf7+ Rxf7 17. Ne6+ Kh7 18. Nxd8 Rxd8 19. Re1 Nf5 20. Qf4
Rxd4 21. Qxc7 Rd2 22. Qc4 Kg7 23. Ne4 Rd4 24. Qc3 Kh7 25. Ng3 Nxg3 26. Qxd4
Rf1+ 27. Rxf1 Ne2+ 28. Kh1 Nxd4 29. Rf7+ Kg8 30. Rxe7 a5 31. Kg1 Kf8 32. Rh7 b5
33. Kf2 b4 34. Ra7 Nc6 35. Ra6 Ne5 36. b3 Kf7 37. Rxa5 Kf6 38. h3 h5 39. Ke3 g5
40. Rb5 Ng6 41. Rxb4 Ke5 42. Rb5+ Kf6 43. Rb6+ Kf7 44. Rxg6 1-0

[Event "Championnat de Paris Open A"]
[Site "Paris"]
[Date "2012.07.09"]
[Round "3.28"]
[White "Gidel, Jean-Louis"]
[Black "Bourcier, Laurent"]
[Result "1-0"]
[WhiteElo "2101"]
[BlackElo "1859"]
[PlyCount "93"]
[EventDate "2012.??.??"]

1. c4 f5 2. g3 Nf6 3. Bg2 g6 4. Nc3 Bg7 5. d3 O-O 6. e4 d6 7. Nge2 c6 8. O-O
Na6 9. h3 e5 10. Be3 Be6 11. exf5 gxf5 12. f4 Qe7 13. Qd2 Nh5 14. Kh2 Nc7 15.
Rae1 Kh8 16. b3 Rg8 17. d4 Qf7 18. Bf3 e4 19. Bxh5 Qxh5 20. d5 cxd5 21. cxd5
Bd7 22. Bd4 Qg6 23. a4 a6 24. b4 b5 25. a5 h6 26. Nd1 Kh7 27. Ne3 Ne8 28. Rc1
h5 29. Rg1 Qf7 30. Bxg7 Rxg7 31. Qd4 Qf6 32. Qxf6 Nxf6 33. Rc7 Rgg8 34. Nxf5
Rgc8 35. Rgc1 Rd8 36. Ne3 Kh6 37. Nd4 Ne8 38. R7c3 Rac8 39. Ndf5+ Kh7 40. g4
hxg4 41. hxg4 Nf6 42. Rxc8 Bxc8 43. Rc7+ Kh8 44. Nh6 Rf8 45. Kg3 Bd7 46. Kh4
Bc8 47. Nf7+ 1-0

[Event "Championnat de Paris Open A"]
[Site "Paris"]
[Date "2012.07.09"]
[Round "3.30"]
[White "Guez, Fabien"]
[Black "Vasilescu, Victor"]
[Result "1-0"]
[WhiteElo "2026"]
[BlackElo "2077"]
[PlyCount "91"]
[EventDate "2012.??.??"]

1. e4 g6 2. d4 Bg7 3. Nc3 d6 4. Nf3 a6 5. a4 b6 6. Bc4 e6 7. O-O Ne7 8. d5 e5
9. Ne1 O-O 10. Nd3 Nd7 11. f4 exf4 12. Bxf4 h6 13. Bg3 g5 14. Qd2 Ng6 15. Nd1
Qe7 16. N1f2 Nde5 17. Nxe5 Bxe5 18. Bxe5 Qxe5 19. c3 Bd7 20. a5 b5 21. Be2 Qf4
22. Qd4 Qe5 23. Bg4 f5 24. exf5 Bxf5 25. Bxf5 Rxf5 26. Ng4 Qxd4+ 27. cxd4 Rxf1+
28. Rxf1 Kg7 29. Rc1 Ra7 30. g3 Ne7 31. Ne3 Kf7 32. Kf2 Ke8 33. Ke2 Rb7 34. b4
Kd7 35. Rf1 Rb8 36. Rf7 Re8 37. Kd3 c6 38. Rh7 Kd8 39. Rxh6 Kd7 40. Rh7 cxd5
41. Nxd5 Kd8 42. Rxe7 Rxe7 43. Nxe7 Kxe7 44. h4 gxh4 45. gxh4 d5 46. Ke3 1-0

[Event "Championnat de Paris Open A"]
[Site "Paris"]
[Date "2012.07.09"]
[Round "3.31"]
[White "Gretry, Patrice"]
[Black "Martin, Axel"]
[Result "1/2-1/2"]
[WhiteElo "2016"]
[BlackElo "2066"]
[PlyCount "133"]
[EventDate "2012.??.??"]

1. e4 e5 2. Nf3 Nc6 3. Bc4 Nf6 4. Ng5 d5 5. exd5 Na5 6. Bb5+ c6 7. dxc6 bxc6 8.
Qf3 Be7 9. Bxc6+ Nxc6 10. Qxc6+ Bd7 11. Qc4 O-O 12. Nc3 Rc8 13. Qd3 h6 14. Nge4
Nxe4 15. Qxe4 Bc6 16. Qg4 f5 17. Qh3 Rf6 18. d3 Rg6 19. Qxf5 Rxg2 20. Be3 Qc7
21. O-O-O Bb4 22. Qe6+ Kh8 23. Qc4 Qa5 24. a3 Bxc3 25. Qxc3 Qxc3 26. bxc3 Bf3
27. Rdg1 Rxc3 28. Rxg2 Bxg2 29. Rg1 Bd5 30. Kb2 Rc7 31. c4 Bf7 32. Kc3 e4 33.
Bd4 exd3 34. c5 Bd5 35. Kxd3 Kh7 36. f4 g6 37. Rb1 Rb7 38. Rxb7+ Bxb7 39. Kc4
Bc6 40. Kb4 Kg8 41. Ka5 Kf7 42. Ka6 Ke6 43. Be5 g5 44. fxg5 hxg5 45. Bd6 g4 46.
Kxa7 Kd5 47. Ka6 Bd7 48. Kb6 Be8 49. Bf8 Bd7 50. Ka5 Kc6 51. a4 Kb7 52. Kb4 Ka6
53. Be7 Be8 54. Bd8 Bd7 55. a5 Be8 56. Kc4 Bc6 57. Kd4 Kb5 58. Bb6 Bb7 59. Ke5
Bc6 60. Kd6 Be4 61. Bd8 Bf3 62. a6 Kxa6 63. c6 Be4 64. Kd7 Kb5 65. c7 Bf5+ 66.
Kd6 Ka6 67. Kc6 1/2-1/2

[Event "Championnat de Paris Open A"]
[Site "Paris"]
[Date "2012.07.09"]
[Round "3.32"]
[White "Ducarmon, Renzo"]
[Black "Besombes, Romain"]
[Result "1/2-1/2"]
[WhiteElo "2060"]
[BlackElo "1823"]
[PlyCount "47"]
[EventDate "2012.??.??"]

1. e4 e6 2. d4 d5 3. Nd2 Nf6 4. e5 Nfd7 5. Bd3 c5 6. c3 Nc6 7. Ngf3 cxd4 8.
cxd4 g6 9. h4 h6 10. O-O Bg7 11. Re1 O-O 12. Nf1 f6 13. Bxg6 fxe5 14. dxe5 Qc7
15. Bb1 Ndxe5 16. Nxe5 Nxe5 17. Qh5 Qf7 18. Rxe5 Qxf2+ 19. Kh2 Bxe5+ 20. Qxe5
Qxh4+ 21. Kg1 Qf2+ 22. Kh2 Qh4+ 23. Kg1 Qf2+ 24. Kh2 1/2-1/2

[Event "Championnat de Paris Open A"]
[Site "Paris"]
[Date "2012.07.09"]
[Round "3.33"]
[White "Dagonia, Steve"]
[Black "Denous, Cyprien"]
[Result "1-0"]
[WhiteElo "1906"]
[BlackElo "2053"]
[PlyCount "115"]
[EventDate "2012.??.??"]

1. e4 Nf6 2. e5 Nd5 3. d4 d6 4. Nf3 dxe5 5. Nxe5 c6 6. Be2 Bf5 7. g4 Be6 8. f4
f6 9. Nd3 Nd7 10. Bf3 Bf7 11. Nc3 Nxc3 12. bxc3 Qa5 13. Bd2 O-O-O 14. O-O e6
15. a4 Qc7 16. a5 Be7 17. Qe2 Rde8 18. a6 b6 19. Qg2 Nb8 20. Rfb1 Rd8 21. Be3
h5 22. g5 Bg6 23. Nc5 Bxc5 24. dxc5 b5 25. c4 Be8 26. cxb5 cxb5 27. Bb7+ Kd7
28. gxf6 Bf7 29. Rd1+ Ke8 30. fxg7 Rg8 31. Rxd8+ Qxd8 32. Bc6+ Nxc6 33. Qxc6+
Ke7 34. Qd6+ Qxd6 35. cxd6+ Kxd6 36. Bxa7 Rxg7+ 37. Kf2 Be8 38. Bb8+ Kc5 39. a7
Bc6 40. a8=Q Rg2+ 41. Kf1 Bxa8 42. Rxa8 Rxc2 43. Be5 Rxh2 44. f5 Rh1+ 45. Kg2
Re1 46. Bg3 Re2+ 47. Kf3 Rd2 48. Rc8+ Kb6 49. f6 Rd7 50. Ke4 b4 51. Rb8+ Kc5
52. Rc8+ Kb5 53. Rh8 b3 54. Rxh5+ Kc4 55. Be5 Rf7 56. Bb2 Ra7 57. Rh2 Rf7 58.
Rf2 1-0

[Event "Championnat de Paris Open A"]
[Site "Paris"]
[Date "2012.07.09"]
[Round "3.34"]
[White "Rene, Benoit"]
[Black "Marin, Frederic-Vincent"]
[Result "1-0"]
[WhiteElo "2262"]
[BlackElo "2006"]
[PlyCount "141"]
[EventDate "2012.??.??"]

1. b3 Nf6 2. Bb2 g6 3. c4 Bg7 4. Nf3 O-O 5. g3 d6 6. Bg2 Nbd7 7. O-O e5 8. d3
Nh5 9. Qc2 f5 10. Nbd2 a5 11. a3 Nc5 12. b4 axb4 13. axb4 Rxa1 14. Rxa1 Na6 15.
b5 Nc5 16. e3 e4 17. Bxg7 exd3 18. Qc3 Nxg7 19. Ne1 Qf6 20. Qxf6 Rxf6 21. Ra3
Nge6 22. Nxd3 Nxd3 23. Rxd3 Nc5 24. Ra3 Rf8 25. Kf1 Be6 26. Ke2 Rb8 27. Kd1 Kg7
28. Kc2 Kf6 29. Kc3 h6 30. f4 g5 31. Ra7 gxf4 32. exf4 Bf7 33. Nb3 Nxb3 34.
Kxb3 c6 35. bxc6 bxc6+ 36. Kc3 d5 37. Ra6 dxc4 38. Rxc6+ Kg7 39. Bf1 Rb3+ 40.
Kd4 Rb2 41. Bxc4 Bxc4 42. Rxc4 Rxh2 43. Ke5 Rg2 44. Rc7+ Kg6 45. Rc6+ Kg7 46.
Kxf5 Rxg3 47. Rc7+ Kg8 48. Kf6 Rg1 49. f5 Rg2 {=} 50. Rc6 Rg1 51. Ke7 Re1+ 52.
Re6 Rf1 53. Kf6 Rg1 54. Ke7 Rf1 55. f6 Rf2 56. Re3 Rf1 57. Rg3+ Kh7 58. Rg7+
Kh8 59. Kf7 Rf2 60. Rg8+ Kh7 61. Re8 Rf1 {suite illisible} 62. Re7 Kh8 63. Kg6
Rg1+ 64. Kxh6 Kg8 65. Rg7+ Kh8 66. Rc7 Kg8 67. Rg7+ Kh8 68. Rg5 Rg2 69. f7 Rxg5
70. f8=Q+ Rg8 71. Qf6+ 1-0

[Event "Championnat de Paris Open A"]
[Site "Paris"]
[Date "2012.07.09"]
[Round "3.35"]
[White "Aurel, Luc"]
[Black "Reilhac, Philippe"]
[Result "1/2-1/2"]
[WhiteElo "2175"]
[BlackElo "2004"]
[PlyCount "121"]
[EventDate "2012.??.??"]

1. c4 Nf6 2. g3 e6 3. Bg2 c6 4. Nf3 d5 5. Qc2 Be7 6. O-O O-O 7. b3 Nbd7 8. Bb2
c5 9. cxd5 Nxd5 10. a3 Bf6 11. d4 cxd4 12. Nxd4 Qb6 13. e3 Ne7 14. Nd2 e5 15.
Nc4 Qa6 16. Nf3 Ng6 17. Rfd1 Qe6 18. b4 Nb6 19. Nfd2 Rb8 20. Nxb6 Qxb6 21. Nc4
Qc7 22. Rac1 Be6 23. Qe4 Rfd8 24. Rxd8+ Qxd8 25. Bf3 Rc8 26. Rd1 Qc7 27. Nd6
Rd8 28. Nxb7 Rxd1+ 29. Bxd1 Ne7 30. Nc5 Bd5 31. Qc2 h6 32. Be2 Qc8 33. e4 Be6
34. Qd3 Bh3 35. Bc3 Nc6 36. Qd5 Nd4 37. Bxd4 exd4 38. e5 Qe8 39. f4 Be7 40.
Qxd4 Qc6 41. Qf2 Bf5 42. g4 Bc8 43. Bf3 Qg6 44. h3 Qb1+ 45. Kg2 Qc1 46. Nd3
Qxa3 47. Qc2 Ba6 48. Nc5 Bb5 49. e6 f5 50. Qxf5 Qb2+ 51. Kh1 Qc1+ 52. Kh2 Qd2+
53. Bg2 Bd6 54. Ne4 Bxf4+ 55. Ng3 Qd6 56. Qxb5 Bxg3+ 57. Kh1 Qe7 58. Be4 Qf8
59. Qd3 Bd6 60. Bf5 Kh8 61. Qa6 1/2-1/2

[Event "Championnat de Paris Open A"]
[Site "Paris"]
[Date "2012.07.09"]
[Round "3.36"]
[White "Jacquet, Stephane"]
[Black "Carre, Sylvain"]
[Result "0-1"]
[WhiteElo "1976"]
[BlackElo "2150"]
[PlyCount "66"]
[EventDate "2012.??.??"]

1. d4 d5 2. c4 c6 3. Nc3 Nf6 4. Nf3 dxc4 5. a4 Bf5 6. e3 e6 7. Bxc4 Bb4 8. O-O
Nbd7 9. Ne2 Ne4 10. Ng3 Nxg3 11. hxg3 O-O 12. Nh4 Be4 13. f4 Qa5 14. g4 Rad8
15. g5 Nb6 16. Bb3 c5 17. Qg4 cxd4 18. exd4 Bf5 19. Qh5 Rxd4 20. Rf3 Rfd8 21.
Nxf5 Qxf5 22. Be3 R4d6 23. Rc1 Rc6 24. Rcf1 Rd3 25. Ba2 Rxe3 26. Rxe3 Bc5 27.
Rff3 Bxe3+ 28. Rxe3 Rc1+ 29. Kf2 Rc2+ 30. Kf3 Nd5 31. Re4 Nf6 32. Rxe6 fxe6 33.
g4 Qd3# 0-1

[Event "Championnat de Paris Open A"]
[Site "Paris"]
[Date "2012.07.09"]
[Round "3.37"]
[White "Pass, Deborah J"]
[Black "Valenti, Richard"]
[Result "1/2-1/2"]
[WhiteElo "1974"]
[BlackElo "2149"]
[PlyCount "32"]
[EventDate "2012.??.??"]

1. e4 c6 2. c4 d5 3. exd5 cxd5 4. cxd5 Nf6 5. Bb5+ Bd7 6. Bc4 g6 7. Nc3 Bg7 8.
Nf3 O-O 9. O-O Na6 10. d4 Nc7 11. Bg5 b5 12. Bxf6 Bxf6 13. Bb3 b4 14. Ne4 Bb5
15. d6 exd6 16. Nxf6+ Qxf6 1/2-1/2

[Event "Championnat de Paris Open A"]
[Site "Paris"]
[Date "2012.07.09"]
[Round "3.38"]
[White "Yacob, Francois"]
[Black "Potrel, Manu"]
[Result "1/2-1/2"]
[WhiteElo "2145"]
[BlackElo "2001"]
[PlyCount "74"]
[EventDate "2012.??.??"]

1. e4 e5 2. Nf3 Nc6 3. Bb5 Nf6 4. O-O Nxe4 5. d4 Nd6 6. Bxc6 dxc6 7. dxe5 Nf5
8. Qxd8+ Kxd8 9. Nc3 Ke8 10. Ne4 h6 11. b3 Be6 12. h3 Rd8 13. Bb2 c5 14. Rad1
b6 15. c4 a5 16. Nc3 Nd4 17. Nxd4 cxd4 18. Nd5 Bxd5 19. cxd5 Rxd5 20. Rxd4 Rxd4
21. Bxd4 Ke7 22. f4 g6 23. Kf2 h5 {=} 24. g3 Ke6 25. Kf3 Be7 26. Ke4 Rd8 27. g4
hxg4 28. hxg4 f5+ 29. exf6 Bxf6 30. Bxf6 Kxf6 31. Rf2 c5 32. g5+ Ke6 33. Re2
Rd5 34. Re3 b5 35. a4 bxa4 36. bxa4 Rd4+ 37. Kf3+ Kf7 {=} 1/2-1/2

[Event "Championnat de Paris Open A"]
[Site "Paris"]
[Date "2012.07.09"]
[Round "3.39"]
[White "Huynh Tan, Stephane"]
[Black "Dicko, Henri"]
[Result "1/2-1/2"]
[WhiteElo "1974"]
[BlackElo "2121"]
[PlyCount "57"]
[EventDate "2012.??.??"]

1. c4 f5 2. d4 Nf6 3. Nf3 g6 4. e3 Bg7 5. Be2 d6 6. O-O O-O 7. Nc3 Qe8 8. b3 h6
9. Qc2 e5 10. dxe5 dxe5 11. Ba3 Rf7 12. Rad1 Nc6 13. Nd5 e4 14. Nd2 g5 15.
Nxf6+ Rxf6 16. Bb2 Ne5 17. c5 Rf8 18. Nc4 Nxc4 19. Bxc4+ Be6 20. Bxg7 Kxg7 21.
Rd2 Bxc4 22. Qxc4 Rd8 23. Rfd1 Rxd2 24. Rxd2 Qe5 25. Rd7+ Kg6 26. h3 Qa1+ 27.
Kh2 Qe5+ 28. Kg1 Qa1+ 29. Kh2 1/2-1/2